|
|
|
|
| LEADER |
00000nam a22000007a 4500 |
| 005 |
20180718013730.0 |
| 007 |
cr|||| ||| |
| 008 |
180718s2018 br |||||s|||| 00||0 por d |
| 020 |
|
|
|a 978-85-361-9526-1
|
| 035 |
|
|
|a 21769
|
| 040 |
|
|
|a vLex
|
| 090 |
|
|
|c 8042
|d 8042
|
| 100 |
1 |
|
|a Neves Koury, Luiz Ronan
|
| 245 |
1 |
0 |
|a Direito do trabalho e processo do trabalho
|h [Recurso electrn̤ico] :
|b Reforma trabalhista principais alteraė̳s /
|c Luiz Ronan Neves Koury, Denise Alves Horta, Isabela Mr̀cia de Alcńtara Fabiano
|
| 256 |
|
|
|a Servicio en ln̕ea
|
| 260 |
|
|
|a San Pablo:
|b LTR,
|c 2018
|
| 300 |
|
|
|a 1 recurso electrn̤ico
|
| 500 |
|
|
|a A denominada Reforma Trabalhista, introduzida no mundo jurd̕ico pela Lei n. 13.467, em 13 de julho de 2017, traz o signo de uma reviravolta nos ḿbitos do Direito do Trabalho (em seus aspectos individual e coletivo) e do Direito Processual do Trabalho. A essencialidade e a distinȯ̂ dos estudos apresentados neste livro decorrem de investigaė̳s e comentr̀ios feitos s̉ inovaė̳s realizadas, sem pejo de revelar as verdades menos b̤vias ou mais surpreendentes do novo texto legal. A comeȧr pela abordagem do processo legislativo da Reforma e pela anl̀ise da aplicaȯ̂ das novas regras legais no tempo, a sequn̊cia dos estudos observa a ordem das alteraė̳s, porm̌ sistematizada segundo a sua natureza, de modo a permitir ao leitor sopesar a Reforma nô s ̤no contexto global, mas, especialmente na r̀ea do seu interesse. O livro focaliza, de modo incisivo, os pontos de radicalizaȯ̂ do legislador reformista e questiona o preconizado empenho modernizador da nova legislaȯ̂ trabalhista e seus desdobramentos facilitadores para o capital, sem contrapartida de densidade equivalente para o trabalhador. A legislaȯ̂ trabalhista at ̌entô vigente, em sua grande parte arregimentada na CLT nascida em maio de 1943, nô se tornou, com a passagem do tempo, menos atualizada ou desejv̀el em seus atributos de viš social. Ao contrr̀io, a perid̤ica atualizaȯ̂ de suas normas ao contexto da realidade vivenciada permitiu afast-̀la da obsolescn̊cia e mant-̊la com a amplitude e o equilb̕rio necessr̀ios a dirimir os conflitos entre capital e trabalho. A crt̕ica ̉feiȯ̂ estrutural da Reforma Trabalhista de 2017 ̌uma entre as vise̳s distintas e instigantes que o livro contempla, e as repercusse̳s do novo contexto legal permanecerô em candente polm̊ica nos prx̤imos anos - situaȯ̂ que os operadores do Direito enfrentarô no dia a dia, e o Poder Judicir̀io Trabalhista em seus ml︢tiplos julgamentos. Os articulistas sô magistrados, professores e estudiosos do Direito do Trabalho em suas vertentes material e processual, e a anl̀ise rigorosa dos temas objeto da Reforma, levada a efeito nesta obra, contribui para a edificaȯ̂ de sl̤ida base interpretativa, de incontestv̀el relevńcia como fonte de estudo e pesquisa nos aspectos ter̤icos e prt̀icos.
|
| 506 |
1 |
|
|a Disponible solo en los productos indicados
|d vLex Global
|d vLex Global (Academic Edition, excluding Law Schools)
|d vLex Global (U.S. Academic Edition, Law Schools)
|d vLex Global (U.S. Academic Edition, excluding Law Schools)
|d vLex Global (Academic Edition, Law Schools)
|
| 650 |
0 |
4 |
|a Derecho Laboral y Seguridad Social
|z Brasil
|
| 650 |
0 |
4 |
|a Derecho Procesal
|z Brasil
|
| 650 |
0 |
4 |
|a Procedimiento Laboral
|z Brasil
|
| 700 |
1 |
|
|a Alves Horta, Denise
|
| 700 |
1 |
|
|a de Alcńtara Fabiano, Isabela Mr̀cia
|
| 740 |
0 |
|
|a vLex Libros (Servicio en ln̕ea)
|
| 856 |
4 |
0 |
|u http://vlex.com/source/direito-do-trabalho-e-processo-do-trabalho-reforma-trabalhista-principais-altera-es-21769
|z Acceso restringido
|
| 942 |
|
|
|c BOOK
|
| 999 |
0 |
|
|a Labor Law and Social Security
|
| 999 |
0 |
|
|a Procedural Law
|
| 999 |
0 |
|
|a Labor Procedure
|